000
00325nam a2200121Ia 4500
008
241028s9999 xx 000 0 und d
041
_a
eng
082
_a
338.5024658 SAM
100
_a
Samuelson, Kar
245
_a
Managerial Economics An Indian Adaptation
260
_b
Wiley India
_a
New Delhi
_c
2022
300
_a
528;. P. 25 cm
999
_c
43012
_d
43012